000 00269nam a2200097Ia 4500
082 _a248.4 OSTE
245 0 _aAll-in-one : Grade 1, Literacy
100 _a my workbook and reader Pretoria, 2003
_982655
942 _cBK
008 210817s9999 xx 000 0 und d
999 _c299280
_d299279